000 00350nam a2200133 4500
008 250306b |||||||| |||| 00| 0 eng d
020 _a9781119669234
050 _aHN18.3
_b.D38
100 _aDavis Steve
245 _aChanelling Outrege to Spark Practical Activism
260 _aCanada
_bJohn Wiley and Son's
_c2021
300 _axi,196p
942 _cBK
999 _c2135
_d2135